01167nam a2200253Ia 4500003000900000008004100009020001800050040001600068080002300084111013400107245029700241260003700538300001600575650004100591650002400632650002800656650002300684650002200707700003400729700002600763942000700789999001700796952010000813IN-BaIIA211028s9999 xx 000 0 eng d a2-86332-077-7 cIIA Library a524.37(082.2)bFRO aInternational Colloquium in the Occasion of the 7th Centenary of the Universities of MontpelliercFranced1989 Sept. 4 - 7917153 0aFrom Miras to planetary nebulae- which path for stellar evolution?bproceedings of the International colloquium in the occasion of the 7th centenary of the Universities of Montpellier, France, Sept. 4 - 7, 1989cedited by M. O. Mennessier and A. Omont  aFrancebEditions Frontiersc1990 aIxix, 565p. aAstronomy and astrophysics thesaurus aOrion nebulae91190 aPlanetary nebulae95510 aRing nebulae95511 aStellar evolution aMennessier, M. O., ed.917154 aOmont, A., ed.917155 cBK c10125d10125 00104070aBANbBANcGENd1991-02-11l0o524.37(082.2)/ FROp11035r2021-11-05w1991-02-11yBK